000 00465nam a2200169Ia 4500
008 260407s2025 xx 000 0 und d
041 _aeng
082 _a615.321/ CHO
_b12230
100 _aDR. V.V. CHOPADE
245 _aQUALITY CINTROL &STANDARDIZATION OF HERBALS
250 _a2ND
260 _aPUNE
_bTECHNICAL PUB
_c2025
300 _a6.36p
650 _aPHARMACOGONOSY
650 _aQUALITY CINTROL &STANDARDIZATION OF HERBALS
700 _aDR. B.L. RAM
999 _c1219722
_d1219722